00454 a2200145 4500000002100000001000700021005001700028008004100045082001700086100002400103245010500127260004100232300001000273700002500283BKB 07204420200902151131.0  a572.42bE85M1 aEpstein, Emanuel D.1 aMineral nutrition of plants : principles and perspectivescby Emanuel D. Epstein and Arnold J. Bloom aSunderlandbSinauer Associatesc2005 a400p. aBloom, Arnold J.bc